000 00808nam a2200229Ii 4500
003 JO-AjNU
008 230605s9999||||xx |||||||||||||| ||und||
017 _a2003/8/1633
020 _a9957-07-395-8
040 _aJO-AjNU
_bara
_erda
_cJO-AjNU
041 _aara
050 1 4 _aBF717.S2422.2003
100 3 _aالسيد،خالد عبد الرازق,
_eauthor
_928624
245 0 0 _aسيكولوجية اللعب لدى الأطفال العاديين والمعاقين
250 _aط1
264 3 1 _aعمان:دار الفكر للطباعة والنشر والتوزيع ، 2003
300 _a276ص
336 _atext
_btxt
_2rdacontent
337 _aunmediated
_bn
_2rdamedia
338 _avolume
_bnc
_2rdacarrier
650 4 _aسيكولوجية الاطفال-نمو الطفل-اللعب
_928625
999 _aA11126
_c14694
_d14694